000 00501nam a2200181Ia 4500
008 151202s9999||||xx |||||||||||||| ||und||
082 _bPNVM-54702
100 _aशिरवळकर सुहास .
245 _aहत्यारा.
260 _b---
260 _c0
300 _a0
600 _aशिरवळकर सुहास .
630 _aहत्यारा.
700 _aशिरवळकर सुहास .
730 _aहत्यारा.
942 _cBOOK
999 _c1321241
_d1321238